书目信息 |
| 题名: |
人生必去的101个地方
|
|
| 作者: | 罗佳佳 , 赵晓红 编著 | |
| 分册: | 外国篇 | |
| 出版信息: | 北京 龙门书局 2012.01 |
|
| 页数: | 300页 | |
| 开本: | 24cm | |
| 丛书名: | ||
| 单 册: | ||
| 中图分类: | K919.1 | |
| 科图分类: | ||
| 主题词: | 旅游指南--世界 , 旅游指南 | |
| 电子资源: | ||
| ISBN: | 978-7-5088-3386-6 | |
| 000 | 00920oam2 2200277 450 | |
| 001 | 010050028046 | |
| 005 | 20130608171349.06 | |
| 010 | @a978-7-5088-3386-6@dCNY49.90 | |
| 035 | @a005631870 | |
| 100 | @a20120224d2012 em y0chiy0110 ea | |
| 101 | 0 | @achi |
| 102 | @aCN@b110000 | |
| 105 | @aa z 000yy | |
| 106 | @ar | |
| 200 | 1 | @a人生必去的101个地方@9ren sheng bi qu de 101 ge di fang@i外国篇@f罗佳佳,赵晓红编著 |
| 210 | @a北京@c龙门书局@d2012.01 | |
| 215 | @a300页@c照片@d24cm | |
| 300 | @a世界印象 | |
| 330 | @a全书综合多家专业旅游网站的景点排名,介绍最受欢迎的旅游热点,书中梳理国外101个景点,涉及威尼斯、夏威夷、迪拜、撒哈拉、巴黎、悉尼、纽约、东京等地,为读者提供全面详细的旅游攻略。 | |
| 606 | 0 | @a旅游指南@y世界 |
| 606 | 0 | @a旅游指南 |
| 690 | @aK919.1@v5 | |
| 701 | 0 | @a罗佳佳@9luo jia jia@4编著 |
| 701 | 0 | @a赵晓红@9zhao xiao hong@4编著 |
| 801 | 0 | @aCN@bNLC@c20120605 |
| 905 | @dK919.1@e209 | |
| 人生必去的101个地方.外国篇/罗佳佳,赵晓红编著.-北京:龙门书局,2012.01 |
| 300页:照片;24cm |
| 世界印象 |
| ISBN 978-7-5088-3386-6:CNY49.90 |
| 全书综合多家专业旅游网站的景点排名,介绍最受欢迎的旅游热点,书中梳理国外101个景点,涉及威尼斯、夏威夷、迪拜、撒哈拉、巴黎、悉尼、纽约、东京等地,为读者提供全面详细的旅游攻略。 |
| ● |
| 相关链接 |
|
|
|
|
正题名:人生必去的101个地方
索取号:K919.1/209
 
预约/预借
| 序号 | 登录号 | 条形码 | 馆藏地/架位号 | 状态 | 备注 |
| 1 | 0545604 | 205456040 | 第二样本阅览室/ [索取号:K919.1/209] | 在馆 | |
| 2 | 0545605 | 205456059 | 密集书库-资源管理系/ [索取号:K919.1/209] | 在馆 | |
| 3 | 0545606 | 205456068 | 第二借阅区/ [索取号:K919.1/209] | 在馆 | |
| 4 | 0545607 | 205456077 | 第二借阅区/ [索取号:K919.1/209] | 在馆 | |
| 5 | 0545608 | 205456086 | 第二借阅区/ [索取号:K919.1/209] | 在馆 |